• 首页
  • 本馆介绍
  • 公告通知
  • 最新文献
  • 馆藏检索
  • 电子资源
  • 读者导购
  • 参考咨询
  • 我的图书馆
  • 登录
  • 详细信息显示
  • 放入我的书架
  • 预约/预借图书
  • 作者相关作品
  • 分类相关作品
  • 丛书相关作品
  • 出版社相关作品

书目信息

  • 表格格式
  • 工作单格式
  • 卡片格式
题名:
巴尔扎克和《人间喜剧》
    
 
作者: 黄晋凯 著
分册:  
出版信息: 北京   北京出版社  1981
页数: 148页
开本: 19cm
丛书名: 外国文学知识丛书
单 册:
中图分类: I565.06
科图分类:
主题词: 文学评论--法国 , 文学研究--法国
电子资源:
ISBN:
000 00733nam2 2200265 45
001 0181003315
005 20041227170951.6
010    @dCNY0.50
091    @a10071.347
100    @a19950628d1981 em y0chiy0121 ea
101 0  @achi
102    @aCN@b110000
105    @ay z 000zd
200 10 @a巴尔扎克和《人间喜剧》@Aba er zha ke he《 ren jian xi ju》@f黄晋凯著@FHuang Jin Kai Zhu
210    @a北京@c北京出版社@d1981
215    @a148页@d19cm
225    @a外国文学知识丛书
410    @12001 @a外国文学知识丛书
606 0  @a文学评论@y法国
606 0  @a文学研究@y法国
690    @aI565.06@v3
701  0 @a黄晋凯@4著
801  0 @aCN@b上海图书馆@c20040415
801  2 @aCN@bNLC@c20040415
905    @dI565.06@f1@b125396@e125
    
    巴尔扎克和《人间喜剧》/黄晋凯著.-北京:北京出版社,1981
    148页;19cm.-(外国文学知识丛书)
    
    
    ISBN :CNY0.50
    
●
相关链接 在E读中查询图书 在五车中查询图书 在当当中查询图书 在豆瓣中查询图书


正题名:巴尔扎克和《人间喜剧》     索取号:I565.06/125         预约/预借

序号 登录号 条形码 馆藏地/架位号 状态 备注
1 0125387   000143017   第二借阅区/ [索取号:I565.06/125] 在馆    
2 0125388   000142116   第二借阅区/ [索取号:I565.06/125] 在馆    
3 0125390   000143026   第二借阅区/ [索取号:I565.06/125] 在馆    
4 0125391   000143035   第一样本阅览室/ [索取号:I565.06/125] 在馆    
5 0125392   000143044   第二借阅区/ [索取号:I565.06/125] 在馆    
6 0125393   000142107   第二借阅区/ [索取号:I565.06/125] 在馆    
7 0125394   001969347   第二借阅区/ [索取号:I565.06/125] 在馆    
8 0125395   000142125   第二借阅区/ [索取号:I565.06/125] 在馆    
9 0125396   001968151   第二借阅区/ [索取号:I565.06/125] 在馆    
唐山师范学院图书馆 欢迎您!
大连网信软件有限公司© 版权所有